00746nai a2200193Ia 4500003000900000008004100009022002200050022002300072040001600095245007800111260008600189310001300275362003200288521006900320650001500389650002000404650003500424856009300459IN-BaIIA211028c9999 xx s 000 0 eng d a2168-2755 (Print) a2168-2763 (Online) cIIA Library 0aTransactions of the IRE Professional Group on Quality Controlh[eJournal] aNew York, USAbThe Institute of Electrical and Electronics Engineers, Inc. (IEEE) aAnnually aPGQC-1; 1952 - PGQC-3; 1954 bSubscribed through National Knowledge Resource Consortium (NKRC) a Aerospace a Transportation aSignal Processing and Analysis uhttps://ieeexplore.ieee.org/servlet/opac?punumber=5007101yClick Here to Access eJournal